Statistics for Cars by Cournty

Click here to take the quiz!

General Stats

  • This quiz has been taken 184 times
  • The average score is 14 of 15

Answer Stats

HintAnswer% Correct
BMWGermany
99%
PorscheGermany
99%
ToyotaJapan
99%
HondaJapan
99%
SuzukiJapan
99%
LamborghiniItaly
98%
FiatItaly
98%
FordUSA
96%
ChevroletUsa
96%
TeslaUSA
96%
HyundaiSouth Korea
95%
KiaSouth Korea
95%
VolvoSweden
91%
Rolls-RoyceUnited Kingdom
73%
GeelyChina
63%

Score Distribution

Percentile by Number Answered

Percent of People with Each Score

Your Score History

You have not taken this quiz